Statistics for Sleeping Beauty Franchise

Click here to take the quiz!

General Stats

  • This quiz has been taken 12 times
  • The average score is 4 of 8

Answer Stats

TypeYearNameInfo% Correct
Fairy Tale????Sleeping BeautyBrothers Grimm
100%
Film1959Sleeping BeautyDisney
100%
Film2014MaleficentDisney
80%
Film2019Maleficent: Mistress of EvilDisney
40%
Film2007Disney Princess Enchanted Tales: Follow Your DreamsDisney
30%
Theme Park Attraction-Present1992-PresentLe Château de la Belle au Bois DormantDisneyland Paris
20%
Theme Park Attraction-Present1955-PresentSleeping Beauty CastleDisneyland / Hong Kong Disneyland
20%
TV Show2012-2018Sofia the FirstDisney Junior
0%

Score Distribution

Percentile by Number Answered

Percent of People with Each Score

Your Score History

You have not taken this quiz